[Event "Rimavska Sobota"]
[Site "Rimavska Sobota"]
[Date "1974.??.??"]
[Round "11"]
[White "Novak, Ivan"]
[Black "Vadasz, Laszlo"]
[Result "1/2-1/2"]
[WhiteElo "2355"]
[BlackElo "2460"]

1.e4 g6 2.d4 Bg7 3.Nc3 d6 4.Nf3 a6 5.Bg5 Bg4 6.Bc4 Nc6 7.h3 Bd7 8.O-O h6
9.Be3 b5 10.Be2 b4 11.Nb1 Nf6 12.Nbd2 O-O 13.c3 a5 14.Qc2 Qb8 15.Bc4 e6 16.Rfe1 Ne7
17.Bf4 Nh5 18.Bh2 g5 19.e5 Ng6 20.Ne4 Nhf4 21.Bxf4 Nxf4 22.h4 gxh4 23.Qd2 Ng6
24.Nf6+ Bxf6 25.exf6 Qd8 26.Qxh6 Qxf6 27.Bd3 Qg7 28.Qxg7+ Kxg7 29.Bxg6 Kxg6
30.Nxh4+ Kf6 31.f4 Rg8 32.Kf2 bxc3 33.bxc3 Rab8 34.Rab1 Bc6 35.c4 Rb4 36.Rxb4 axb4
37.Rb1 Ra8 38.Rxb4 Rxa2+ 39.Ke3 Ke7 40.c5 Bxg2 41.Nxg2 Rxg2 42.Rb7 Kd7 43.cxd6 Kxd6
44.Rb5 Rg1 45.Ke2 Rg3 46.Rc5 Rh3 47.Rb5 f6 48.Rc5 f5 49.Rb5 Ra3 50.Rc5 Rb3
51.Ra5 Rc3 52.Rb5 c6 53.Ra5 Rc1 54.Re5 Rc2+ 55.Ke3 Rb2 56.Rc5 Rb3+ 57.Ke2 Rb1
58.Rc3 Kd5 59.Rc5+ Ke4 60.Rxc6 Rb2+ 61.Ke1 Kd5 62.Rc5+ Kd6 63.Re5 Rb4 64.d5 Rxf4
65.Rxe6+ Kxd5 66.Ra6 Ke5 67.Ke2 Rb4 68.Ra3 Kf4 69.Kf2 Rb2+ 70.Kf1 Rd2 71.Rb3 Ke4
72.Ra3 Rb2 73.Rc3  1/2-1/2

[Event "Sombor"]
[Site "Sombor"]
[Date "1974.??.??"]
[Round "10"]
[White "Ljuca, Mirsad"]
[Black "Lengyel, Levente"]
[Result "1/2-1/2"]
[WhiteElo "2200"]
[BlackElo "2420"]

1.e4 g6 2.d4 Bg7 3.Nc3 d6 4.Be2 c6 5.Be3 b5 6.a3 Bb7 7.Qd2 Nd7 8.h4 h5 9.Nh3 Qc7
10.Rd1 a6 11.Ng5 Rd8 12.f4 Nb6 13.f5 gxf5 14.O-O Bc8  1/2-1/2

[Event "Vejle op"]
[Site "Vejle"]
[Date "1974.??.??"]
[Round "1"]
[White "Kristensen, Leif"]
[Black "Hansen, Po"]
[Result "1-0"]
[WhiteElo "2200"]
[BlackElo "2200"]

1.e4 g6 2.d4 Bg7 3.Nc3 d6 4.Be3 Nf6 5.Be2 c6 6.f4 b5 7.Bf3 b4 8.Nce2 Ng4
9.Bc1 O-O 10.Ng3 Nf6 11.N1e2 e5 12.dxe5 dxe5 13.Be3 Qe7 14.O-O Bh6 15.Qc1 Ng4
16.Bxg4 Bxg4 17.f5 Bxe3+ 18.Qxe3 Bxe2 19.f6  1-0

[Event "Vejle op"]
[Site "Vejle"]
[Date "1974.??.??"]
[Round "3"]
[White "Bjerring, Kai"]
[Black "Rosell, Kaj"]
[Result "1/2-1/2"]
[WhiteElo "2405"]
[BlackElo "2200"]

1.e4 g6 2.d4 Bg7 3.Nc3 d6 4.Nf3 Nf6 5.Be2 O-O 6.Bg5 c5 7.Qd2 cxd4 8.Nxd4 Nc6
9.Nxc6 bxc6 10.O-O Qb6 11.b3 Ba6 12.Rae1 Bxe2 13.Rxe2 Rfe8 14.Na4 Qc7 15.c4 Nd7
16.Rd1 Nb6 17.Nc3 a5 18.Bf4 Nd7 19.h3 Nc5 20.Qc2 Qb7 21.e5 dxe5 22.Bxe5 a4
23.Nxa4 Nxa4 24.Bxg7 Kxg7 25.bxa4 Qb4 26.Qe4 Qc5 27.Qc2 Qb4 28.Rb1 Qxa4 29.Qc3+ Kg8
30.Rb7 e5 31.Kh2 Rad8 32.Rc7 Qd1 33.Qf3 Rd7 34.Qxc6 Qxe2 35.Qxd7 Rf8 36.Rc8 Qxf2
37.Rxf8+ Kxf8 38.Qd6+ Kg8 39.Qb8+ Kg7 40.Qxe5+ f6 41.Qc7+ Kh6 42.c5 Qxa2
43.Qf4+ Kg7 44.c6 Qe6 45.c7 Qc6 46.h4 h5 47.Kg1 Kf7 48.Qh6 Ke6 49.Qxg6 Qxc7
50.Qe8+ Kd6 51.Qxh5 Qc1+ 52.Kh2 Qf4+ 53.Kh3 Qe3+  1/2-1/2

[Event "Vejle op"]
[Site "Vejle"]
[Date "1974.??.??"]
[Round "3"]
[White "Sorensen, Ta"]
[Black "Jorgensen, Jorgen"]
[Result "1-0"]
[WhiteElo "2200"]
[BlackElo "2200"]

1.e4 g6 2.d4 Bg7 3.Nc3 d6 4.Be3 Nf6 5.Be2 c6 6.Qd2 h6 7.O-O-O b5 8.e5 b4
9.exf6 bxc3 10.Qxc3 Bxf6 11.Qd2 Bg7 12.h4 Be6 13.c4 Nd7 14.Nh3 Nb6 15.b3 a5
16.Nf4 Bd7 17.Qc2 Bf5 18.Bd3 Bxd3 19.Qxd3 O-O 20.Rh3 Qe8 21.Rg3 e5 22.Nh5 Bh8
23.dxe5 Qxe5 24.Rxg6+ fxg6 25.Qxg6+ Bg7 26.Bxh6 Qe7 27.Bxg7  1-0

[Event "Vejle op"]
[Site "Vejle"]
[Date "1974.??.??"]
[Round "4"]
[White "From, Sigfred"]
[Black "Rosell, Kaj"]
[Result "0-1"]
[WhiteElo "2200"]
[BlackElo "2200"]

1.e4 g6 2.d4 Bg7 3.Nc3 d6 4.Be2 Nf6 5.Be3 c6 6.f3 Qb6 7.Qc1 a5 8.g4 h5 9.g5 Nh7
10.Qd2 a4 11.Rb1 Qa5 12.f4 d5 13.exd5 cxd5 14.Nf3 Bg4 15.O-O Bxf3 16.Bxf3 e6
17.b3 a3 18.Qd3 O-O 19.Ne2 Nc6 20.c3 Rfc8 21.Kh1 Ne7 22.c4 b5 23.cxb5 Rab8
24.Rfc1 Nf5 25.Rc6 Rd8 26.Nc3 Qb4 27.Rd1 Nf8 28.Bf2 Ne7 29.Ra6 Rdc8 30.Be1 Nf5
31.Ra4 Qd6 32.Ne2 Qd7 33.Rxa3 Rxb5 34.Ra4 Rb6 35.Bb4 Rbc6 36.Bc5 Nd6 37.Ra7 Nb7
38.Qb5 R8c7 39.b4 Nd6 40.Rxc7 Qxc7 41.Qd3 Nc4 42.Rc1 Ra6 43.Rxc4 dxc4 44.Qxc4 Ra3
45.Kg2 Nd7 46.d5 Nb6 47.Qc1 Rxa2 48.dxe6 Nd5 49.Bxd5 Rxe2+ 50.Kf3 fxe6 51.Bc4 Rxh2
52.Bxe6+ Kh7 53.Qc4 Qc6+ 54.Qd5 Qb5 55.Qc4 Qc6+ 56.Qe4 Qb5 57.Qc4 Qa4 58.Kg3 Rc2
59.Qd5 Qa3+  0-1

[Event "Vejle op"]
[Site "Vejle"]
[Date "1974.??.??"]
[Round "6"]
[White "Auchenberg, Per"]
[Black "Nielsen, K."]
[Result "1-0"]
[WhiteElo "2225"]
[BlackElo "2200"]

1.e4 g6 2.d4 Bg7 3.Nc3 d6 4.f4 Nf6 5.Be2 c6 6.Nf3 a6 7.a4 Nbd7 8.e5 Nd5 9.Nxd5 cxd5
10.O-O O-O 11.Bd3 dxe5 12.fxe5 Nb6 13.Qe1 f6 14.a5 Nd7 15.exf6 exf6 16.Qe6+ Kh8
17.Qxd5 Ne5 18.Qxd8 Nxf3+ 19.Rxf3 Rxd8 20.c3 Re8 21.Bd2 Bd7 22.Re1 Rxe1+
23.Bxe1 Re8 24.Bd2 f5 25.Re3 Rxe3 26.Bxe3 Kg8 27.Bc4+ Kf8 28.Bd5 Bc6 29.Bxc6 bxc6
30.Kf2 Ke7 31.Bf4 Bf6 32.Ke3 g5 33.Be5 Bxe5 34.dxe5 Ke6 35.Kd4 c5+ 36.Kxc5 Kxe5
37.b4 f4 38.b5  1-0

[Event "Vejle op"]
[Site "Vejle"]
[Date "1974.??.??"]
[Round "8"]
[White "Moller, Lars"]
[Black "Pedersen, Eigil"]
[Result "1-0"]
[WhiteElo "2315"]
[BlackElo "2200"]

1.e4 g6 2.d4 Bg7 3.Nc3 d6 4.Be3 Nc6 5.Qd2 e5 6.Nge2 Nf6 7.f3 Nd7 8.O-O-O Nb6
9.Qd3 exd4 10.Nxd4 Ne5 11.Qb5+ Bd7 12.Qb3 O-O 13.Nd5 Nxd5 14.exd5 c5 15.dxc6 bxc6
16.Qa3 Qf6 17.h4 h6 18.Kb1 Rfb8 19.Bc1 c5 20.Nb3 Rb4 21.Qa5 Rab8 22.Qc7 R4b6
23.f4 Bg4 24.fxe5 Qxe5 25.Bc4 Bxd1 26.Rxd1 R8b7 27.Qc8+ Kh7 28.Qg4 a5 29.h5 a4
30.Bxf7 Qxh5 31.Qxh5 gxh5 32.Bd5 axb3 33.Be4+ Kg8 34.Bxb7 Rxb7 35.Rxd6 bxa2+
36.Kxa2 Rb5 37.c3 Rb7 38.Bxh6 Rc7 39.Rg6 Kh7 40.Rxg7+ Rxg7 41.Bxg7 Kxg7 42.Kb3  1-0

[Event "Vejle op"]
[Site "Vejle"]
[Date "1974.??.??"]
[Round "8"]
[White "Hjort, H."]
[Black "Nielsen, K."]
[Result "1/2-1/2"]
[WhiteElo "2200"]
[BlackElo "2200"]

1.e4 g6 2.d4 Bg7 3.Nc3 d6 4.Be2 c6 5.Nf3 Nf6 6.O-O O-O 7.a4 Bg4 8.Be3 Nbd7
9.a5 b5 10.axb6 axb6 11.Qd2 Qc7 12.h3 Bxf3 13.Bxf3 Rxa1 14.Rxa1 b5 15.Ne2 Nb6
16.b3 Nfd7 17.Bh6 Ra8 18.Rxa8+ Nxa8 19.Bxg7 Kxg7 20.h4 h6 21.g4 Nab6 22.g5 h5
23.Qa5 e5 24.c3 Nf8 25.Bg2 Ne6 26.Bh3 Nd5 27.Qxc7  1/2-1/2

[Event "Vejle op"]
[Site "Vejle"]
[Date "1974.??.??"]
[Round "9"]
[White "Poulsen, Allan"]
[Black "Rosell, Kaj"]
[Result "1-0"]
[WhiteElo "2280"]
[BlackElo "2200"]

1.e4 g6 2.d4 Bg7 3.Nc3 d6 4.Be3 Nf6 5.f3 c6 6.Qd2 b5 7.h4 a6 8.Nh3 Bxh3 9.Rxh3 Nbd7
10.g4 h5 11.g5 Nh7 12.f4 Nb6 13.f5 d5 14.Qd3 b4 15.fxg6 bxc3 16.Qxc3 Nf8
17.Qxc6+ Nbd7 18.gxf7+ Kxf7 19.Rf3+ Kg8 20.Bh3 Rh7 21.g6  1-0

[Event "Zetters"]
[Site "Birmingham"]
[Date "1975.04.02"]
[Round "6"]
[White "Matulovic, Milan"]
[Black "Botterill, George Steven"]
[Result "1-0"]
[WhiteElo "2530"]
[BlackElo "2400"]

1.e4 d6 2.d4 g6 3.Nc3 Bg7 4.Nf3 Nf6 5.Be2 O-O 6.O-O c6 7.a4 Qc7 8.Bf4 Nh5
9.Be3 e5 10.Qd2 Nd7 11.Rfd1 Nhf6 12.a5 exd4 13.Nxd4 Re8 14.f3 Ne5 15.Bg5 b5
16.axb6 Qxb6 17.Kh1 Ned7 18.Nb3 d5 19.exd5 Nxd5 20.Nxd5 cxd5 21.Qxd5 Bb7
22.Qd2 Nf6 23.Bd3 Bd5 24.Ra6 Qd8 25.Nc5 Qe7 26.b4 Rad8 27.Raa1 Qc7 28.Qc1 Rb8
29.c3 Ng4 30.fxg4 Bxg2+ 31.Kxg2 Qc6+ 32.Kg1 Rxb4 33.Ne4 Rbxe4 34.Bxe4 Qxe4
35.Qf4 Bxc3  1-0

[Event "Zetters"]
[Site "Birmingham"]
[Date "1975.04.04"]
[Round "8"]
[White "Haag, Ervin"]
[Black "Botterill, George Steven"]
[Result "1-0"]
[WhiteElo "2430"]
[BlackElo "2400"]

1.e4 d6 2.d4 g6 3.Nc3 Bg7 4.Nf3 Nf6 5.Be2 O-O 6.O-O Bg4 7.Be3 Nc6 8.Qd2 e5
9.d5 Ne7 10.Rad1 Bd7 11.Bh6 Nh5 12.Bxg7 Kxg7 13.g3 Bh3 14.Rfe1 h6 15.Nh4 Nf6
16.f4 Ng4 17.Bf1 Bxf1 18.Rxf1 Ng8 19.h3 N4f6 20.fxe5 dxe5 21.Qe3 Qe7 22.Kh2 Rfd8
23.Rf2 a6 24.Nf3 Ne8 25.Rdf1 Nd6 26.b3 Rf8 27.Nh4 Rae8 28.a4 Qg5 29.Qd3 h5
30.Nd1 Nh6 31.Ne3 Qe7 32.c4 b6 33.b4 Nb7 34.c5 bxc5 35.Qxa6 Nd6 36.bxc5 Nxe4
37.Rxf7+ Rxf7 38.Qxg6+ Kh8 39.Qxh6+ Rh7 40.Ng6+ Kg8 41.Nxe7+  1-0

[Event "Zetters"]
[Site "Birmingham"]
[Date "1975.04.06"]
[Round "10"]
[White "Bisguier, Arthur Bernard"]
[Black "Botterill, George Steven"]
[Result "1/2-1/2"]
[WhiteElo "2445"]
[BlackElo "2400"]

1.e4 d6 2.d4 g6 3.Nc3 Bg7 4.Be3 c6 5.Qd2 Nd7 6.f4 Ngf6 7.Nf3 O-O 8.e5 Ng4
9.O-O-O Nxe3 10.Qxe3 dxe5 11.dxe5 Qb6 12.Nd4 Nc5 13.Be2 Ne6 14.Rd2 Nxd4 15.Rxd4  1/2-1/2

[Event "Zetters"]
[Site "Birmingham"]
[Date "1975.04.13"]
[Round "15"]
[White "Matulovic, Milan"]
[Black "Matera, Salvatore"]
[Result "1-0"]
[WhiteElo "2530"]
[BlackElo "2385"]

1.e4 d6 2.d4 g6 3.Nc3 Bg7 4.Nf3 Nf6 5.Be2 O-O 6.O-O Bg4 7.Be3 Nc6 8.Qd2 e5
9.d5 Ne7 10.Rad1 Bc8 11.Bh6 Nh5 12.Bxg7 Kxg7 13.g3 Bh3 14.Rfe1 Bg4 15.Nh4 Bxe2
16.Nxe2 Nf6 17.Nc1 Qd7 18.f4 exf4 19.gxf4 c6 20.dxc6 Qg4+ 21.Ng2 Nxc6 22.Qc3 Rad8
23.Nd3 d5 24.Nf2 Qh5 25.exd5 Rxd5 26.Ne4 Rf5 27.Rd6  1-0

[Event "Zetters"]
[Site "Birmingham"]
[Date "1975.04.13"]
[Round "15"]
[White "Gasic, Bozidar"]
[Black "Botterill, George Steven"]
[Result "1/2-1/2"]
[WhiteElo "2365"]
[BlackElo "2400"]

1.e4 d6 2.d4 g6 3.Nc3 Bg7 4.Nf3 Nf6 5.Be2 O-O 6.O-O Bg4 7.Be3 Nc6 8.Qd2 e5
9.d5 Ne7 10.Rad1 Bd7 11.Bh6 Nh5 12.Bxg7 Kxg7 13.g3 f5 14.Nh4  1/2-1/2

[Event "Club Argentino"]
[Site "Buenos Aires"]
[Date "1975.??.??"]
[Round "6"]
[White "Cuasnicu, Oscar"]
[Black "Kostka"]
[Result "1-0"]
[WhiteElo "2410"]
[BlackElo "2200"]

1.e4 g6 2.d4 Bg7 3.Nc3 d6 4.Be2 c6 5.a4 Qb6 6.Nf3 Bg4 7.a5 Qd8 8.O-O Nf6
9.h3 Bxf3 10.Bxf3 O-O 11.Bf4 Nfd7 12.Be2 c5 13.d5 Na6 14.Qc1 Re8 15.Bh6 Bh8
16.f4 Nb4 17.Ra3 e6 18.dxe6 fxe6 19.f5 Qf6 20.fxe6 Qxe6 21.Bg4 Qe7 22.Nd5 Nxd5
23.exd5 Bd4+ 24.Kh1 Nf6 25.Be6+ Kh8 26.Raf3 Be5 27.Bg5 Rf8 28.Qe1 Kg7 29.Qd2 Kh8
30.Qe3 b6 31.Qxe5 dxe5 32.Rxf6 Qg7 33.Rf7 Rxf7 34.Rxf7 Rf8 35.Rxg7 Rf1+ 36.Kh2 Kxg7
37.d6 Rd1 38.d7 e4 39.d8=Q  1-0

[Event "ARG-ch"]
[Site "Buenos Aires"]
[Date "1975.??.??"]
[Round "17"]
[White "Szmetan, Jorge"]
[Black "Garcia, Raimundo"]
[Result "1-0"]
[WhiteElo "2435"]
[BlackElo "2455"]

1.e4 g6 2.d4 Bg7 3.Nc3 d6 4.f4 Nf6 5.Nf3 O-O 6.e5 Ne8 7.Be3 c5 8.dxc5 Nc6
9.Bb5 Bg4 10.cxd6 exd6 11.O-O Qa5 12.h3 Bxf3 13.Qxf3 Rc8 14.Rad1 dxe5 15.Bxc6 Rxc6
16.Nd5 Rxc2 17.f5  1-0

[Event "BUL-ch+"]
[Site "?"]
[Date "1975.??.??"]
[Round "3"]
[White "Atanasov, Petko"]
[Black "Bohosjan, Sarkis"]
[Result "1-0"]
[WhiteElo "2315"]
[BlackElo "2415"]

1.e4 g6 2.d4 d6 3.Nc3 Bg7 4.Bg5 c6 5.Qd2 b5 6.f4 b4 7.Nd1 a5 8.Nf3 Nf6 9.Bd3 Bg4
10.O-O d5 11.e5 Ne4 12.Qe3 Bxf3 13.Rxf3 Nxg5 14.fxg5 e6 15.Nf2 h6 16.Nh3 h5
17.Raf1 O-O 18.Qf2 Ra7 19.Nf4 c5 20.c3 Nc6 21.Qh4 Bh6 22.Rg3 Bg7 23.Nxh5 gxh5
24.Qxh5 Re8 25.Qh7+ Kf8 26.g6 f5 27.exf6 Bxf6 28.g7+ Ke7 29.g8=Q+ Kd6 30.dxc5+ Kxc5
31.Qxa7+ Nxa7 32.Qf7 Be7 33.Qxe6 Bd6 34.Qf7 Kb6 35.Rg6 Nc8 36.Qxd5 Ka7 37.Rg7+ Re7
38.Rxe7+ Nxe7 39.Qc4 Nd5 40.Rf7+ Ne7  1-0

[Event "BUL-ch+"]
[Site "?"]
[Date "1975.??.??"]
[Round "7"]
[White "Antonov, Vladimir"]
[Black "Bohosjan, Sarkis"]
[Result "0-1"]
[WhiteElo "2265"]
[BlackElo "2415"]

1.e4 g6 2.d4 d6 3.Nc3 Bg7 4.f4 c6 5.Nf3 Bg4 6.Be2 Qb6 7.e5 Nh6 8.Ng5 Bxe2
9.Nxe2 d5 10.O-O e6 11.c3 c5 12.h3 Nc6 13.g4 cxd4 14.cxd4 Ng8 15.Kg2 Nge7
16.b3 h6 17.Nf3 Rc8 18.a3 h5 19.Rb1 a5 20.Bd2 hxg4 21.hxg4 f5 22.exf6 Bxf6
23.Bc3 Kd7 24.Qd3 Rh7 25.Rfe1 Rch8 26.b4 axb4 27.axb4 Nd8 28.b5 Nf7 29.Ra1 Nd6
30.Reb1 Nc4 31.Bb4 e5 32.fxe5 Qe6 33.Bxe7 Qxg4+ 34.Kf2 Rh2+ 35.Ke1 Rh1+ 36.Kf2 R8h2+
37.Nxh2 Rxh2+ 38.Ke1 Bxe7 39.Ra2 Rh1+ 40.Kf2 Bh4+ 41.Ng3  0-1

[Event "BUL-ch"]
[Site "?"]
[Date "1975.??.??"]
[Round "4"]
[White "Velikov, Petar"]
[Black "Grigorov, Jordan N"]
[Result "1-0"]
[WhiteElo "2360"]
[BlackElo "2260"]

1.e4 g6 2.d4 Bg7 3.Nc3 d6 4.Nf3 Nf6 5.Be2 O-O 6.O-O c6 7.a4 a5 8.h3 Qc7 9.Bg5 Nbd7
10.Re1 e5 11.d5 Nc5 12.Nd2 h6 13.Be3 cxd5 14.exd5 b6 15.Nb5 Qb8 16.Nc4 Ne8
17.Bxc5 bxc5 18.Qd2 e4 19.Nxa5 Bd7 20.Bc4 Qd8 21.Nc6 Qh4 22.Bf1 f5 23.a5 Bxb2
24.Ra2 Bf6 25.a6 Bg5 26.Qe2 e3 27.g3 exf2+ 28.Kxf2 Qh5 29.Qxh5 gxh5 30.h4 Bf6
31.Bh3 Bc8 32.a7 Bb7 33.c4 Bd8 34.Re6 f4 35.gxf4 Bxh4+ 36.Ke3 Bg3 37.Rg6+  1-0

[Event "URS-ch otbor"]
[Site "Cheliabinsk"]
[Date "1975.??.??"]
[Round "?"]
[White "Bangiev, Alexander"]
[Black "Nikolaevsky, Yuri V"]
[Result "1-0"]
[WhiteElo "2200"]
[BlackElo "2475"]

1.e4 g6 2.d4 d6 3.Nc3 Bg7 4.Nf3 c6 5.Be2 b5 6.O-O b4 7.Na4 Nf6 8.e5 dxe5
9.Nxe5 O-O 10.Bf3 Nd5 11.Re1 Bxe5 12.Rxe5 Nd7 13.Re1 Qa5 14.b3 Qd8 15.Qd2 a5
16.Bb2 N7f6 17.h3 Qd6 18.Nc5 Rd8 19.a3 Rb8 20.axb4 axb4 21.Ra7 Nc7 22.Qh6 Ra8
23.Rxa8 Nxa8 24.Ne4 Nxe4 25.Rxe4 Qf6 26.Rh4 Qg7 27.Qxg7+ Kxg7 28.d5+ f6 29.dxc6 Rd2
30.Rxb4 Rxc2 31.Ba3 Nc7 32.Rb8 Be6 33.Rb7 Nd5 34.Rd7 Rd2 35.Rd8 Ra2  1-0

[Event "URS-ch otbor"]
[Site "Cheliabinsk"]
[Date "1975.??.??"]
[Round "?"]
[White "Vladimirov, Evgeny"]
[Black "Tseitlin, Mark D"]
[Result "1-0"]
[WhiteElo "2450"]
[BlackElo "2200"]

1.e4 g6 2.d4 Bg7 3.Nc3 d6 4.Be2 Nc6 5.Be3 Nf6 6.Nf3 Bg4 7.O-O O-O 8.Qd2 Nd7
9.Rad1 Nb6 10.b3 e6 11.d5 exd5 12.Nxd5 Re8 13.h3 Bxf3 14.Bxf3 Nxd5 15.Qxd5 a5
16.c4 Qf6 17.Qb5 Rab8 18.c5 dxc5 19.Qxc5 Bf8 20.Qb5 Bd6 21.Rd2 Bb4 22.Rc2 Ne5
23.Be2 c6 24.Qb6 Nd7 25.Qc7 Nf8 26.Rd1 Ne6 27.Qb6 Qe5 28.f3 Rbd8 29.Rxd8 Rxd8
30.Qxb7 Nd4 31.Qb6 Nxe2+ 32.Rxe2 Rd1+ 33.Kf2 Qh2 34.f4 Qg1+ 35.Kg3 Be1+ 36.Kg4 h5+
37.Kg5 Kg7 38.Qxc6 Qf1 39.Qf6+ Kf8 40.Bc5+ Kg8 41.Rxe1  1-0

[Event "DEN-ch"]
[Site "Copenhagen"]
[Date "1975.??.??"]
[Round "3"]
[White "Bjerring, Kai"]
[Black "Poulsen, Allan"]
[Result "0-1"]
[WhiteElo "2395"]
[BlackElo "2200"]

1.e4 g6 2.d4 Bg7 3.Nc3 d6 4.Be3 c6 5.Qd2 Nd7 6.Bd3 Ngf6 7.f3 b5 8.a4 b4 9.Nd1 a5
10.c3 Rb8 11.Ne2 e5 12.O-O O-O 13.Nf2 Re8 14.Rfd1 Qc7 15.Rac1 b3 16.g4 Nb6
17.Ra1 Be6 18.Ng3 Red8 19.Qe2 c5 20.Bb5 Bd7 21.dxc5 dxc5 22.g5 Ne8 23.Bxd7 Rxd7
24.Rxd7 Nxd7 25.Qc4 Bf8 26.Ng4 Nb6 27.Qxb3 c4 28.Qc2 Bc5 29.Qf2 Nd7 30.Rd1 Be7
31.Nh6+ Kg7 32.Qg2 Nc5 33.Qh3 Nd3 34.Nhf5+ gxf5 35.Nxf5+ Kh8 36.Qh6 Bc5 37.Bxc5 Qxc5+
38.Kg2 Qf2+ 39.Kh3 Qxf3+ 40.Ng3 Nf2+ 41.Kh4 Qg4+  0-1

[Event "DEN-ch"]
[Site "Copenhagen"]
[Date "1975.??.??"]
[Round "5"]
[White "Bjerring, Kai"]
[Black "Norby, Peter H"]
[Result "0-1"]
[WhiteElo "2395"]
[BlackElo "2310"]

1.e4 g6 2.d4 Bg7 3.Nc3 d6 4.Be3 Nd7 5.Qd2 c6 6.Nf3 a6 7.a4 Qa5 8.Be2 Ngf6
9.h3 c5 10.O-O cxd4 11.Nxd4 O-O 12.Nb3 Qc7 13.a5 Ne5 14.Bb6 Qb8 15.f4 Nc6
16.Bf3 Be6 17.Nd5 Rc8 18.Rae1 Nd7 19.Bg4 Bxg4 20.hxg4 e6 21.Nc7 Rxc7 22.Bxc7 Qxc7
23.Rd1 Bf8 24.g5 Rd8 25.Rfe1 Nc5 26.Nd4 Nxd4 27.Qxd4 e5 28.fxe5 Bg7 29.Qc4 Bxe5
30.Rd3 Qe7 31.Rf3 Ne6 32.Rb3 Nxg5 33.Qd5 Rd7 34.c4 Ne6 35.Qd2 Bf4 36.Qf2 Rc7
37.Rc3 Qg5  0-1

[Event "HUN-ch"]
[Site "?"]
[Date "1975.??.??"]
[Round "?"]
[White "Pinter, Jozsef"]
[Black "Petran, Pal"]
[Result "1-0"]
[WhiteElo "2410"]
[BlackElo "2390"]

1.e4 g6 2.d4 Bg7 3.Nc3 d6 4.f4 Nf6 5.Nf3 O-O 6.Bd3 c6 7.O-O Qb6 8.Kh1 Bg4
9.e5 Ne8 10.Be3 Nd7 11.Qe1 Qd8 12.Ne4 c5 13.Qg3 Bxf3 14.Rxf3 cxd4 15.Bxd4 dxe5
16.fxe5 Qc7 17.Ng5 Nxe5 18.Qh3 h6 19.Ne6 Qd6 20.Bxe5 Qxe6 21.Qxe6 fxe6 22.Rxf8+ Kxf8
23.Rf1+ Kg8 24.Bg3 Nd6 25.Bxg6 Bxb2 26.Re1 Nf5 27.Bf2 Bd4 28.Bxf5 Bxf2 29.Rxe6 Rd8
30.Bd3 Rd6 31.Rxe7 b5 32.g3 b4 33.Bc4+ Kh8 34.Bd3 Bb6 35.Kg2 Kg8 36.Kf3 Kf8
37.Rb7 Rf6+ 38.Kg4 Rf2 39.h4 Rf7 40.Rb8+ Kg7 41.Bc4 Rc7 42.Bb3 Rc3 43.Rb7+ Kg6
44.h5+ Kf6 45.Rf7+ Ke5 46.Rf5+ Kd4 47.Rf4+ Kc5 48.Rf6 Bc7 49.Rxh6 Rxg3+ 50.Kf5 Rf3+
51.Ke6 Rh3 52.Rh7 Bb6 53.Rh8 Kb5 54.Kd5 Rh4 55.h6 Rh5+ 56.Ke4 Rh4+ 57.Kf5 Bd4
58.Rb8+ Ka5 59.Kg6 Rh2 60.Rd8 Rg2+ 61.Kh7 Bc3 62.Rg8 Rh2 63.Rg6 Kb5 64.Kg8 a5
65.h7 Bb2 66.c4+ Kc5 67.Rg5+ Kb6 68.c5+ Kc7 69.Bd5 Rh3 70.Rf5 Rg3+ 71.Kf8 Kd8
72.Rh5 Bh8 73.Be4 Rg4 74.Bc6 Kc7 75.Bb5 Rg2 76.Bc4 a4 77.Bd5 Rg4 78.Rf5 Rg7
79.Rf7+ Rxf7+ 80.Kxf7 b3 81.Bxb3  1-0

[Event "Lone Pine"]
[Site "Lone Pine"]
[Date "1975.??.??"]
[Round "2"]
[White "Parr, David"]
[Black "Forintos, Gyozo V"]
[Result "1-0"]
[WhiteElo "2200"]
[BlackElo "2490"]

1.e4 g6 2.d4 Bg7 3.Nc3 d6 4.f4 c6 5.Be3 Qb6 6.Rb1 e5 7.Nf3 Nd7 8.Qd2 Qc7
9.Be2 Ngf6 10.dxe5 dxe5 11.f5 Ng4 12.Bg1 Bh6 13.Qd3 Ngf6 14.Be3 Bxe3 15.Qxe3 gxf5
16.exf5 Rg8 17.Ne4 Nxe4 18.Qxe4 Rxg2 19.Kf1 Rg7 20.Rg1 Rxg1+ 21.Kxg1 Nf6
22.Qxe5+ Qxe5 23.Nxe5 Nd5 24.Bh5 Ke7 25.Re1 Kf6 26.Bxf7 Nf4 27.Bb3 Bxf5 28.Kf2 Ne6
29.Nd7+ Ke7 30.Nc5 Rf8 31.Nxe6 Bxe6+ 32.Kg3 Rf6 33.Kh4 Kf7 34.Rxe6 Rxe6 35.Kg5 Ke7
36.Bxe6 Kxe6 37.Kh6 c5 38.Kxh7 Kf7 39.c4 a6 40.a4 b6 41.b3 Kf6 42.Kg8 Ke5
43.h4 Kd4 44.h5 Kc3 45.h6 Kxb3 46.h7 Kxa4 47.h8=Q Kb3 48.Qf6 b5 49.Qxa6 Kxc4
50.Kf7 Kb4 51.Ke6 c4 52.Kd5 c3 53.Kd4 c2 54.Qc6  1-0

[Event "Lone Pine"]
[Site "Lone Pine"]
[Date "1975.??.??"]
[Round "6"]
[White "Ghizdavu, Dumitru"]
[Black "Forintos, Gyozo V"]
[Result "0-1"]
[WhiteElo "2425"]
[BlackElo "2490"]

1.e4 g6 2.d4 Bg7 3.Nc3 d6 4.Nf3 Nf6 5.h3 O-O 6.Be3 c6 7.a4 a5 8.Qd2 Na6 9.Bc4 Nb4
10.Bb3 Qc7 11.O-O Bd7 12.Rfe1 Rad8 13.Bh6 e5 14.dxe5 dxe5 15.Qg5 Rfe8 16.Nd1 Be6
17.Bxe6 Rxe6 18.Bxg7 Kxg7 19.Ne3 Ng8 20.Rad1 f6 21.Qg4 Ree8 22.Nd2 Nh6 23.Qe2 Nf7
24.Ndc4 Na6 25.b3 Nc5 26.f3 Ne6 27.c3 Nf4 28.Qc2 b5 29.Na3 Qe7 30.Nb1 Qc5
31.Qf2 Qe7 32.Rxd8 Rxd8 33.Rd1 bxa4 34.bxa4 Qb7 35.Rxd8 Nxd8 36.Qc2 Qb6 37.Kf2 Nde6  0-1

[Event "Lone Pine"]
[Site "Lone Pine"]
[Date "1975.??.??"]
[Round "8"]
[White "Rossetto, Hector"]
[Black "Denker, Arnold S"]
[Result "0-1"]
[WhiteElo "2430"]
[BlackElo "2310"]

1.d4 g6 2.e4 d6 3.Nc3 Bg7 4.f4 c6 5.Nf3 Bg4 6.Be2 Qb6 7.e5 Nh6 8.Ne4 Nf5
9.c3 Nd7 10.Nfg5 Bxe2 11.Qxe2 d5 12.e6 fxe6 13.Nc5 Nxc5 14.dxc5 Qxc5 15.Nxe6 Qc4
16.Nc7+ Kd7 17.Qxc4 dxc4 18.Nxa8 Rxa8 19.Bd2 e6 20.O-O-O Ne7 21.Rhe1 Nd5
22.Re4 b5 23.Be3 Kd6 24.Bd4 Bxd4 25.Rdxd4 Rf8 26.g3 h6 27.Rd2 Rf6 28.Kd1 a6
29.Ke2 h5 30.Kf3 Ke7 31.Kg2 Rf8 32.Rde2 Nc7 33.Kh3 Rd8 34.Re5 Rd3 35.f5 gxf5
36.Rxf5 Nd5 37.Kh4 b4 38.cxb4 c3 39.Rfe5 Rd4+ 40.Kxh5 Nf6+ 41.Kg6 Rg4+ 42.Rg5 Rxb4
43.bxc3 Rb8 44.Rge5 Rg8+ 45.Kh6 Kf7  0-1

[Event "Lone Pine"]
[Site "Lone Pine"]
[Date "1975.??.??"]
[Round "9"]
[White "Ghizdavu, Dumitru"]
[Black "Vranesic, Zvonko"]
[Result "1-0"]
[WhiteElo "2425"]
[BlackElo "2430"]

1.e4 g6 2.d4 d6 3.Nc3 Bg7 4.Be3 Nf6 5.f3 O-O 6.Qd2 e5 7.O-O-O exd4 8.Bxd4 Be6
9.Nge2 Nc6 10.Be3 Ne5 11.b3 a5 12.a4 Qc8 13.Bh6 Rd8 14.Bxg7 Kxg7 15.f4 Nc6
16.f5 Bd7 17.g4 Nxg4 18.Nd5 Nf2 19.Ng3 Nxe4 20.Nxe4 Bxf5 21.Ng3 Bg4 22.Be2 Bxe2
23.Qxe2 Re8 24.Qf2 Qd8 25.Nh5+ Kh8 26.Nxc7 Qg5+ 27.Nf4 Re4 28.Nxa8 Rxf4 29.Qd2 Qf6
30.Kb1 Nb4 31.Qxd6  1-0

[Event "FRG-ch International"]
[Site "Mannheim"]
[Date "1975.??.??"]
[Round "14"]
[White "Westerinen, Heikki MJ"]
[Black "Kestler, Hans Guenther"]
[Result "0-1"]
[WhiteElo "2475"]
[BlackElo "2430"]

1.e4 g6 2.d4 Bg7 3.Nc3 d6 4.Be3 Nf6 5.Qd2 c6 6.a4 Nbd7 7.f3 Qc7 8.h4 h5 9.Nh3 a6
10.Ng5 c5 11.Bc4 O-O 12.dxc5 dxc5 13.Bf4 Ne5 14.Ba2 Bd7 15.Bh2 e6 16.Qf4 Qa5
17.Qxe5 Ng4 18.Qxg7+ Kxg7 19.fxg4 hxg4 20.O-O-O Rad8 21.Be5+ Kh6 22.Bf6 Kh5
23.Ne2 g3 24.Nf4+ Kg4 25.Bc4 Bb5 26.Rxd8 Rxd8 27.Bxd8 Qxa4 28.Rd1 Bxc4 29.Nd3 Bxd3
30.cxd3 Qd4 31.Nxf7 c4 32.Bg5 cxd3 33.Rxd3 Qxe4 34.Rd2 Qc4+ 35.Kb1 Qf1+ 36.Ka2 Qxf7  0-1

[Event "Mercedes op"]
[Site "Mercedes"]
[Date "1975.??.??"]
[Round "9"]
[White "Rossetto, Hector"]
[Black "Trois, Francisco RT"]
[Result "1-0"]
[WhiteElo "2430"]
[BlackElo "2310"]

1.d4 g6 2.Nc3 Bg7 3.e4 d6 4.f4 Nf6 5.e5 dxe5 6.dxe5 Qxd1+ 7.Kxd1 Ng4 8.Ke1 f6
9.h3 Nh6 10.exf6 exf6 11.g4 Nf7 12.Rh2 Nd6 13.Be3 O-O 14.Nd5 Rf7 15.Rd1 f5
16.g5 Nc6 17.Nxc7 Rxc7 18.Rxd6 Bxb2 19.Bc4+ Kg7 20.Re2 Bd7 21.Bd2 Be8 22.Nf3 Bf7
23.Bb3 Rd8 24.Rxd8 Nxd8 25.Ne5 Bxb3 26.cxb3 Bc3 27.Nc4 Bxd2+ 28.Kxd2 Rd7+
29.Kc3 Kf8 30.a4 Nf7 31.h4 Nd6 32.Ne5 Rc7+ 33.Kd4 Ne4 34.a5 Nc5 35.Kd5 Ne4
36.Kd4 Nc5 37.Re3 Ne6+ 38.Kd5 Nxf4+ 39.Kd6 Rc1 40.Nd7+ Kg7 41.Re7+ Kg8 42.Nf6+ Kf8
43.Nxh7+ Kg8 44.Rxb7 Rd1+ 45.Ke5 Nd3+ 46.Kf6 f4 47.Kxg6 Ne5+ 48.Kf5 f3 49.Nf6+ Kf8
50.Kxe5 f2 51.g6  1-0

[Event "Mexico"]
[Site "Mexico"]
[Date "1975.??.??"]
[Round "7"]
[White "Silman, Jeremy D"]
[Black "Boudy, Julio"]
[Result "0-1"]
[WhiteElo "2300"]
[BlackElo "2355"]

1.e4 g6 2.d4 Bg7 3.Nc3 d6 4.Nf3 a6 5.a4 Nf6 6.Be2 O-O 7.O-O Nc6 8.h3 e5 9.dxe5 dxe5
10.Bc4 Be6 11.Bxe6 fxe6 12.Be3 Qe7 13.Qe2 Qb4 14.Ng5 Rae8 15.Ra3 Nd4 16.Bxd4 exd4
17.Nb1 Nh5 18.g3 Qc5 19.h4 Bh6 20.Nh3 Rf7 21.Kg2 Ref8 22.Rb3 Qc6 23.Rg1 Nf6
24.Re1 Nd7 25.Rb4 Qd6 26.c3 c5 27.Rxb7 d3 28.Qd1 Qc6 29.Rb3 Qxa4 30.Rb8 Qa2
31.Rxf8+ Nxf8 32.Kf1 Be3 33.f4 Rb7 34.b4 cxb4 35.c4 b3 36.Na3 Qh2 37.Rxe3 Qxh3+
38.Kg1 e5 39.fxe5 Qe6 40.Rxd3 b2 41.Rb3 Rxb3 42.Qxb3 Qxe5 43.Kh2 Kg7 44.c5 Ne6
45.c6 Nc5 46.Qd5 Qxd5 47.exd5 Ne4 48.Kg2 Kf6 49.Kf3 Nd6 50.Kf4 h6 51.c7 Ke7
52.g4 Kd7 53.Nb1 Nb5 54.Ke5 a5 55.Kf6 a4 56.d6 Nxd6 57.Kxg6 Nb5 58.g5 hxg5
59.h5 a3  0-1